[Event "Zvenigorodskaya Open A"]
[Site "Zvenigorod RUS"]
[Date "2008.09.28"]
[Round "6"]
[White "Ajrapetian,G"]
[Black "Skomorokhin,R"]
[Result "1/2-1/2"]
[WhiteElo "2361"]
[BlackElo "2378"]

1.e4 e6 2.d4 d5 3.Nd2 a6 4.Bd3 c5 5.dxc5 Nf6 6.Qe2 Nc6 7.Ngf3 Bxc5 8.e5 Ng4
9.O-O Qc7 10.Nb3 Bb6 11.Bf4 f6 12.Rae1 O-O 13.Bg3 Ngxe5 14.Nxe5 fxe5 15.Bxe5 Nxe5
16.Qxe5 Qf7 17.Qe2 e5 18.Qxe5 Bxf2+ 19.Kh1 Bh3 20.Rxf2 Qxf2 21.gxh3 Qf3+
22.Kg1 Qf2+ 23.Kh1 Qf3+ 24.Kg1 Rae8 25.Qxe8 Qf2+ 26.Kh1 Rxe8 27.Rxe8+ Kf7
28.Re5 g6 29.h4 Qf6 30.Re1 Qxb2 31.a4 b6 32.h5 gxh5 33.a5 bxa5 34.Ra1 h4
35.Kg2 Qg7+ 36.Kh3 h5 37.Ra4 Kf6 38.Kxh4 Qg5+ 39.Kh3 Ke5 40.Rh4 Qe3+ 41.Kg2 Qg5+
42.Kh3 Kd6 43.Ra4 Qg7 44.Bf5 Qf7 45.Nd4 Ke5 46.c3 Qc7 47.Kh4 Qxc3 48.Kxh5 Qc1
49.Bg4 Qc7 50.Bf5 Qc1 51.Bg4 Kf6 52.Kh4 Ke5 53.Nf3+ Kd6 54.Rxa5 Qc4 55.Kg3 Ke7
56.Ra1 a5 57.h4 a4 58.h5 Kf6 59.Rh1 a3 60.h6 Qc7+ 61.Kf2 Qh7 62.Kg3 a2 63.Re1 Qe4
64.Rc1 d4 65.h7 Qxh7 66.Rc6+ Kg7 67.Rc7+ Kh6 68.Rc6+ Qg6 69.Rxg6+ Kxg6 70.Nxd4 a1=Q
71.Nf3 Qf6 72.Nh4+ Kh6 73.Nf3 Qd6+ 74.Kh3 Qf4 75.Kh4 Kg6 76.Kh3 Kf6 77.Kh4 Ke7
78.Kh3 Kd6 79.Kh4 Kd5 80.Ng5 Qf6 81.Kh5 Ke5 82.Nh3 Ke4 83.Be2 Qf5+ 84.Kh4 Qf2+
85.Nxf2+ Ke3  1/2-1/2

[Event "ch-Commonwealth"]
[Site "Nagpur IND"]
[Date "2008.09.29"]
[Round "2"]
[White "Shiven,K"]
[Black "Kamble,V"]
[Result "0-1"]
[WhiteElo "2141"]
[BlackElo "2376"]

1.e4 e6 2.d4 d5 3.Nd2 Nc6 4.Ngf3 Nf6 5.e5 Nd7 6.b3 f6 7.Bb2 g6 8.Bb5 Bg7
9.h4 fxe5 10.dxe5 Nc5 11.h5 Bd7 12.hxg6 hxg6 13.Rxh8+ Bxh8 14.Bxc6 Bxc6 15.Nd4 Qg5
16.Nxc6 bxc6 17.Qe2 Qxg2 18.O-O-O Bg7 19.Bd4 Bf8 20.Kb1 a5 21.Qe3 Nd7 22.f3 Qh3
23.Rg1 Bh6 24.Qe2 Qf5 25.Nf1 a4 26.Ne3 Bxe3 27.Qxe3 c5 28.Bb2 d4 29.Qh6 Nf8
30.f4 Qe4 31.Qh2 c4 32.Qg2 Qxg2 33.Rxg2 c3 34.Bc1 axb3 35.axb3 Kf7 36.Rg3 Nd7
37.Rd3 c5 38.b4 Rb8 39.Ba3 Ra8 40.Bc1 Rb8 41.Ba3 Nb6 42.bxc5 Nc4+ 43.Ka2 Ra8
44.Kb3 Nxa3 45.Rxd4 Nb5 46.Rd7+ Ke8 47.c6 Rc8 48.Rb7 Nd4+ 49.Kxc3 Ne2+ 50.Kd3 Nxf4+
51.Ke4 Nd5 52.c4 Ne7 53.c7 Kd7 54.Rb6 Nc6 55.Kf4 Kxc7 56.c5 Rf8+ 57.Kg5 Rf5+
58.Kxg6 Nxe5+ 59.Kg7 Nc6 60.Rb3 Rxc5 61.Kf6 Rf5+ 62.Kg6 Kd6 63.Rd3+ Rd5 64.Re3 Ne7+
65.Kf7 Rf5+ 66.Ke8 Nd5 67.Ra3  0-1

[Event "IX GM"]
[Site "Banja Luka BIH"]
[Date "2008.09.30"]
[Round "2"]
[White "Gopal,G"]
[Black "Drasko,M"]
[Result "1-0"]
[WhiteElo "2572"]
[BlackElo "2508"]

1.e4 e6 2.d4 d5 3.Nd2 Be7 4.Ngf3 Nf6 5.e5 Nfd7 6.Bd3 c5 7.c3 b6 8.Ne4 h6
9.Ng3 Ba6 10.Nh5 Bxd3 11.Qxd3 Kf8 12.O-O Nc6 13.Be3 g6 14.Nf4 Kg7 15.c4 cxd4
16.cxd5 Nc5 17.Qe2 Nb4 18.Nxd4 Nxd5 19.Rfd1 Nxf4 20.Bxf4 Qe8 21.Nb5 Rd8 22.Nd6 Qa4
23.Be3 a5 24.Rd4 Qc6 25.Rad1 f5 26.Qc2 Rhf8 27.b3 g5 28.f3 Qa8 29.Rc4 Qa7
30.Kh1 Rd7 31.a3 Rfd8 32.b4 axb4 33.axb4 Qa3 34.Bc1  1-0

[Event "ch-ESP KO"]
[Site "Ceuta ESP"]
[Date "2008.09.30"]
[Round "2.4"]
[White "Khamrakulov,I"]
[Black "Arizmendi Martinez,J"]
[Result "1/2-1/2"]
[WhiteElo "2597"]
[BlackElo "2524"]

1.e4 e6 2.d4 d5 3.Nd2 Nc6 4.Ngf3 Nf6 5.e5 Nd7 6.Be2 f6 7.exf6 Qxf6 8.Nf1 Bd6
9.Ne3 O-O 10.O-O Qg6 11.h3 Nf6 12.c4 b6 13.b3 Bb7 14.cxd5 exd5 15.Bd3 Qh5
16.Nf5 Ne4 17.Nxd6 cxd6 18.Be3 Nb4 19.Ng5 Qxd1 20.Rfxd1 Nxd3 21.Rxd3 Rac8
22.Rdd1 h6 23.Nxe4 dxe4  1/2-1/2

[Event "ch-ESP KO"]
[Site "Ceuta ESP"]
[Date "2008.09.30"]
[Round "2.7"]
[White "Khamrakulov,I"]
[Black "Arizmendi Martinez,J"]
[Result "0-1"]
[WhiteElo "2597"]
[BlackElo "2524"]

1.e4 e6 2.d4 d5 3.Nd2 Nc6 4.Ngf3 Nf6 5.e5 Nd7 6.Be2 f6 7.exf6 Qxf6 8.Nf1 Bd6
9.Ne3 O-O 10.O-O Qg6 11.h3 Nf6 12.c3 Kh8 13.Nh4 Qf7 14.f4 Ne4 15.Qe1 Bd7
16.Ng4 Qe7 17.Ne5 Bxe5 18.fxe5 Rxf1+ 19.Bxf1 Rf8 20.Bd3 Nf2  0-1

[Event "ch-ESP KO"]
[Site "Ceuta ESP"]
[Date "2008.09.30"]
[Round "2.6"]
[White "Khamrakulov,I"]
[Black "Arizmendi Martinez,J"]
[Result "1-0"]
[WhiteElo "2597"]
[BlackElo "2524"]

1.e4 e6 2.d4 d5 3.Nd2 Nc6 4.Ngf3 Nf6 5.e5 Nd7 6.Be2 f6 7.exf6 Qxf6 8.Nf1 Bd6
9.Ne3 O-O 10.O-O Qg6 11.h3 Nf6 12.Bd3 Qh5 13.c4 b6 14.Ng4 Nxg4 15.hxg4 Qxg4
16.Bxh7+ Kh8 17.Bb1 dxc4 18.Re1 Rxf3 19.Re4 Qh5 20.Qxf3 Qxf3 21.gxf3 Bd7
22.Rh4+ Kg8 23.Be4 Rf8 24.Be3 Ne7 25.Bh7+ Kf7 26.Bc2 Nf5 27.Bxf5 exf5 28.d5 b5
29.Bxa7 Be5 30.Bd4 Bd6 31.Re1 f4 32.Be5 Re8 33.Rxf4+ Kg6 34.Rfe4 Bf5 35.R4e2 Bd3
36.Re3 Bc5 37.Bd4 Bxd4 38.Rxe8 Bxb2 39.Rc8 c3 40.Rxc7 c2 41.Rxc2 Bxc2 42.Re2 Bc3
43.Rxc2 b4 44.a3  1-0

[Event "ch-ESP KO"]
[Site "Ceuta ESP"]
[Date "2008.09.30"]
[Round "2.2"]
[White "Khamrakulov,I"]
[Black "Arizmendi Martinez,J"]
[Result "1/2-1/2"]
[WhiteElo "2597"]
[BlackElo "2524"]

1.e4 e6 2.d4 d5 3.Nd2 Nc6 4.Ngf3 Nf6 5.e5 Nd7 6.Be2 Be7 7.Nf1 f6 8.exf6 Nxf6
9.Ng3 O-O 10.O-O Bd6 11.c4 b6 12.Re1  1/2-1/2

[Event "ch-Commonwealth"]
[Site "Nagpur IND"]
[Date "2008.10.02"]
[Round "6"]
[White "Hossain,Enam"]
[Black "Kamble,V"]
[Result "1-0"]
[WhiteElo "2489"]
[BlackElo "2376"]

1.e4 e6 2.d4 d5 3.Nd2 Nc6 4.Ngf3 Nf6 5.e5 Nd7 6.Be2 Be7 7.Nf1 O-O 8.Ng3 f6
9.exf6 Nxf6 10.O-O Bd6 11.Bb5 Bd7 12.Re1 Ng4 13.Bxc6 bxc6 14.b3 Qf6 15.h3 Nxf2
16.Kxf2 Qh4 17.Re5 h6 18.Be3 c5 19.c3 Bc6 20.Qd3 Bxe5 21.dxe5 d4 22.cxd4 Rxf3+
23.gxf3 Rf8 24.f4 g5 25.Ke2 Qxh3 26.Rg1 Qh2+ 27.Ke1 cxd4 28.Qg6+ Kh8 29.Nh5 Qh4+
30.Bf2 Qxf2+  1-0

[Event "TCh-AUT 2nd Bundesliga Ost 2008-9"]
[Site "Austria AUT"]
[Date "2008.10.03"]
[Round "1"]
[White "Ranits,F"]
[Black "Weinzettl,E"]
[Result "0-1"]
[WhiteElo "2217"]
[BlackElo "2249"]

1.e4 e6 2.d4 d5 3.Nd2 Be7 4.Ngf3 Nf6 5.e5 Nfd7 6.Be2 c5 7.c3 Nc6 8.O-O f6
9.exf6 Bxf6 10.Nb3 c4 11.Nbd2 O-O 12.b3 cxb3 13.axb3 e5 14.dxe5 Ndxe5 15.Bb2 Ng6
16.Nd4 Nf4 17.Bg4 Bxd4 18.cxd4 Qg5 19.h3 h5 20.Nf3 Qg6 21.Nh4 Qf6 22.Bxc8 Raxc8
23.Nf3 Nxh3+ 24.Kh2 Nf4 25.Ne5 Nxe5 26.dxe5 Qg6 27.Qf3 Rc2 28.Bc1 Rc3 29.Be3 d4
30.Rac1 Rxb3 31.g3 Ne6 32.Qd5 Rd3 33.Bg5 Kh7 34.Be7 Re8 35.Bd6 Qf5 36.Qxb7 Rd2
37.Kg1 a5 38.Qd7 Rd8 39.Qe7 Rf8 40.Qh4 Rf7 41.f3  0-1

[Event "ch-Commonwealth"]
[Site "Nagpur IND"]
[Date "2008.10.03"]
[Round "8"]
[White "Shyam,SM"]
[Black "Girinath,P"]
[Result "1/2-1/2"]
[WhiteElo "2312"]
[BlackElo "2423"]

1.e4 e6 2.d4 d5 3.Nd2 a6 4.Ngf3 c5 5.exd5 exd5 6.c4 Nf6 7.cxd5 Nxd5 8.Bc4 b5
9.Bxd5 Qxd5 10.O-O Be6 11.dxc5 Bxc5 12.Nb3 Be7 13.Nbd4 Bg4 14.Re1 O-O 15.Rxe7 Nc6
16.Re1 Nxd4 17.Qxd4 Bxf3 18.Qxd5 Bxd5 19.Bd2 Rfe8 20.b3 Rxe1+ 21.Rxe1 Be6  1/2-1/2

[Event "ch-Commonwealth"]
[Site "Nagpur IND"]
[Date "2008.10.03"]
[Round "8"]
[White "Ganguly,S"]
[Black "Sengupta,D"]
[Result "1-0"]
[WhiteElo "2631"]
[BlackElo "2454"]

1.e4 e6 2.d4 d5 3.Nd2 Be7 4.Bd3 c5 5.dxc5 Nf6 6.Qe2 a5 7.Ngf3 O-O 8.a4 Na6
9.e5 Nd7 10.Nb3 Naxc5 11.Nfd4 Nxd3+ 12.cxd3 Nc5 13.Nxc5 Bxc5 14.Nf3 b5 15.O-O Bd7
16.axb5 Bxb5 17.Be3 d4 18.Bf4 Qd5 19.Ng5 Be7 20.Ne4 Rfc8 21.Rfd1 a4 22.Qg4 Kh8
23.Bg5 Bb4 24.Qf4 Bf8 25.Qg3 a3 26.bxa3 Rxa3 27.Rxa3 Bxa3 28.h3 Qb3 29.Qf3 Bc6
30.Re1 Bb5 31.Nd6 Bxd6 32.exd6 Qb4 33.Re5 Bd7 34.Be7 Kg8 35.Rg5 g6 36.Rh5 Qe1+
37.Kh2 Qd2 38.Rxh7 f5 39.Rh4 Qa5 40.Qg3 Kg7 41.Qg5  1-0

[Event "TCh-BEL 2008-9"]
[Site "Belgium BEL"]
[Date "2008.10.05"]
[Round "1"]
[White "Donovan,L"]
[Black "Bogoevski,J"]
[Result "1/2-1/2"]
[WhiteElo "2159"]
[BlackElo "2285"]

1.e4 e6 2.d4 d5 3.Nd2 a6 4.Bd3 c5 5.exd5 cxd4 6.dxe6 Bxe6 7.Ngf3 Nc6 8.O-O Nf6
9.Nb3 Bxb3 10.axb3 Be7 11.Bf4 O-O 12.Ne5 Nb4 13.Bf5 g6 14.Bh3 Qd5 15.c3 dxc3
16.bxc3 Nh5 17.Bh6 Rfd8 18.Nc4 Qxd1 19.Rfxd1 Nd5 20.Rxd5 Rxd5 21.Nb6 Rad8
22.Nxd5 Rxd5 23.Re1 Nf6 24.Bc8 Bf8 25.Bxf8 Kxf8 26.Bxb7 Rb5 27.Bxa6 Rxb3
28.c4 Rb2 29.f3 Nd7 30.Bb5 Nc5 31.Rd1 h5 32.g3 Ke7 33.Bc6 Nb3 34.Bd5 Kf6
35.Rf1 g5 36.Rf2 Rb1+ 37.Kg2 Rc1 38.Rb2 Rc3 39.Ra2 Kg6 40.Ra6+ f6 41.Be4+ Kg7
42.Ra7+ Kg8 43.Bd5+ Kh8 44.Rf7 Rc2+ 45.Kh3 Nd2 46.Rxf6 Kg7 47.Rf7+ Kg6 48.Rc7 Rb2
49.Bf7+ Kf6 50.Bxh5 Nf1 51.Rc6+ Kf5 52.Bg6+ Ke5 53.f4+ gxf4 54.gxf4+ Kd4
55.Kg4 Rxh2 56.Kg5 Ne3 57.c5 Rg2+ 58.Kf6 Nd5+ 59.Kf7 Nxf4 60.Bf5 Rg5 61.Kf6 Rh5
62.Bg6  1/2-1/2

[Event "TCh-BEL 2008-9"]
[Site "Belgium BEL"]
[Date "2008.10.05"]
[Round "1"]
[White "Lanneau,B"]
[Black "Marechal,A"]
[Result "1/2-1/2"]
[WhiteElo "2149"]
[BlackElo "2270"]

1.e4 e6 2.d4 d5 3.Nd2 Nc6 4.c3 dxe4 5.Nxe4 Qd5 6.Qd3 e5 7.dxe5 Qxd3 8.Bxd3 Nxe5
9.Be2 Bf5 10.Ng3 Bg6 11.Nf3 Nd3+ 12.Bxd3 Bxd3 13.Bf4 O-O-O 14.Ne5 Bg6 15.O-O Nf6
16.Bg5 Bc5 17.Rfe1 Rde8 18.Nxg6 hxg6 19.Bxf6 gxf6 20.Rxe8+ Rxe8 21.Rd1 f5
22.Kf1 Re6 23.Ne2 c6 24.h3 Kc7 25.h4 Re4 26.g3 Bd6 27.Rd2 b5 28.f3 Re8 29.Kg2 Rh8
30.Nd4 f4 31.g4 Rxh4 32.c4 b4 33.Nb3 Rh8 34.c5 Be5 35.Re2 f6 36.Re4 g5 37.Rxb4 Rd8
38.Kf1 Rd3 39.Ke2 Re3+ 40.Kf2 Bxb2 41.Ra4 Bc3 42.Rxa7+ Kc8 43.Rf7 Be5 44.Ra7 Rc3
45.Ke2 Re3+ 46.Kf2 Kb8 47.Ra6 Kb7 48.Ra4 Rc3 49.Ke2 Kc8 50.Ra7  1/2-1/2

[Event "Bundesliga 2008-9"]
[Site "Hamburg GER"]
[Date "2008.10.05"]
[Round "2"]
[White "Heinemann,T"]
[Black "Renner,Christo"]
[Result "1-0"]
[WhiteElo "2490"]
[BlackElo "2422"]

1.e4 e6 2.d4 d5 3.Nd2 Nc6 4.Ngf3 Nf6 5.e5 Nd7 6.Nb3 a5 7.a4 b6 8.c3 Be7 9.Bd3 Ba6
10.Bxa6 Rxa6 11.O-O Ncb8 12.Qe2 Ra7 13.g3 c5 14.c4 dxc4 15.Qxc4 cxd4 16.Nbxd4 Rc7
17.Qe2 Nc5 18.Be3 O-O 19.Nb5 Rd7 20.Rfd1 Nba6 21.Nc3 Rxd1+ 22.Rxd1 Qa8 23.Bg5 Bxg5
24.Nxg5 h6 25.Nge4 Rd8 26.Nd6 Qc6 27.Rd4 Rd7 28.Qg4 Nc7 29.h4 Kf8 30.Rc4 Nd5
31.Nce4 Rc7 32.Nb5 Rd7 33.Kh2 Ne7 34.Ned6 Ng6 35.Qe2 Qd5 36.f4 Ne7 37.Nc3 Qa8
38.b4 axb4 39.Rxb4 Nc8 40.Nxc8 Qxc8 41.Rxb6 Rc7 42.Rb2 g6 43.h5 Kg7 44.hxg6 Nd3
45.Qxd3 Rxc3 46.Qe4 Rc4 47.Qb7 Qxb7 48.Rxb7 Kxg6 49.a5 Ra4 50.Ra7 f6 51.exf6 Kxf6
52.Ra8 h5 53.a6 Ra2+ 54.Kg1 Kf5 55.a7 Ke4 56.f5  1-0

[Event "Podillya It"]
[Site "Khmelnitsky UKR"]
[Date "2008.10.05"]
[Round "15"]
[White "Soltanici,R"]
[Black "Ivanov,VA UKR"]
[Result "1-0"]
[WhiteElo "2421"]
[BlackElo "2148"]

1.e4 e6 2.d4 d5 3.Nd2 Nc6 4.Ngf3 Nf6 5.e5 Nd7 6.Nb3 Be7 7.c4 dxc4 8.Bxc4 Nb4
9.a3 Nb6 10.Bb5+ c6 11.Be2 N4d5 12.Bd3 a5 13.O-O Nd7 14.Bc2 b6 15.Nbd2 c5
16.Ne4 h6 17.dxc5 Nxc5 18.Nd4 Nxe4 19.Bxe4 O-O 20.Re1 Bc5 21.Nb3 Bb7 22.Nxc5 bxc5
23.Qb3 Qe7 24.Bd2 a4 25.Qg3 Kh8 26.Rad1 f5 27.exf6 Qxf6 28.Rc1 Rac8 29.Rc2 c4
30.h4 Rf7 31.Bg6 Rfc7 32.h5 Ba6 33.Re5 c3 34.bxc3 Nxc3 35.Rxc3 Rxc3 36.Bxc3  1-0

[Event "Chigorin Memorial"]
[Site "St Petersburg RUS"]
[Date "2008.10.05"]
[Round "3"]
[White "Kotenko,P"]
[Black "Popov,Val"]
[Result "1/2-1/2"]
[WhiteElo "2402"]
[BlackElo "2542"]

1.e4 e6 2.d4 d5 3.Nd2 Be7 4.Bd3 c5 5.dxc5 Nf6 6.Qe2 Nc6 7.Ngf3 O-O 8.Nb3 a5
9.a4 Nb4 10.O-O b6 11.e5 Nd7 12.cxb6 Nxd3 13.cxd3 Qxb6 14.Nbd4 Ba6 15.Be3 Nc5
16.Rfd1 Rfc8 17.Ne1 Rab8 18.Rdb1 Nb3 19.Nxb3 Qxb3 20.Bd4 Bb4 21.Qd1 Qxd1
22.Rxd1 Bxe1 23.Rxe1 Bxd3 24.Rec1 Rxc1+ 25.Rxc1 h6 26.Bc3 Kh7 27.f4 d4 28.Bxd4 Rb4
29.Bc3 Rxa4 30.Kf2 Bf5 31.g3 g5 32.fxg5 hxg5 33.Rd1 Ra2 34.Rd7 Kg6 35.Re7 a4
36.h4 gxh4 37.gxh4 Bg4 38.Kg3 Bd1 39.Kf4 Ra1 40.Rd7 Bh5 41.Rd4 Rf1+ 42.Ke3 Bd1
43.Rf4 Rh1 44.Kf2 Bb3 45.Kg3 Rg1+ 46.Kf2 Rc1 47.Bd4 Bc4 48.Ke3 Rd1 49.Kf2  1/2-1/2

[Event "4NCL 2008-9"]
[Site "Sunningdale ENG"]
[Date "2008.10.05"]
[Round "2"]
[White "Wells,P"]
[Black "Rendle,T"]
[Result "1/2-1/2"]
[WhiteElo "2526"]
[BlackElo "2363"]

1.e4 e6 2.d4 d5 3.Nd2 Be7 4.c3 c5 5.dxc5 Nf6 6.exd5 Qxd5 7.b4 a5 8.Ngf3 Nc6
9.Rb1 O-O 10.Bc4 Qf5 11.O-O Nd5 12.Bxd5 Qxd5 13.b5 Nd8 14.Ba3 Bxc5 15.c4 Qh5
16.Bxc5 Qxc5 17.Qe2 b6 18.Ne4 Qc7 19.c5 bxc5 20.Rfc1 Nb7 21.Qe3 Rd8 22.b6 Qe7
23.Nxc5 Nxc5 24.Rxc5 Bb7 25.Rc7 Rd7 26.Rbc1 Rad8 27.Rxd7 Qxd7  1/2-1/2

[Event "58th TCh m 1st Div"]
[Site "Borovets BUL"]
[Date "2008.10.06"]
[Round "6"]
[White "Mladenov,P"]
[Black "Panbukchian,V"]
[Result "0-1"]
[WhiteElo "2395"]
[BlackElo "2302"]

1.d4 e6 2.e4 d5 3.Nd2 Be7 4.Ngf3 Nf6 5.Bd3 c5 6.c3 Nc6 7.O-O cxd4 8.cxd4 Qb6
9.exd5 exd5 10.Re1 O-O 11.Nf1 Bg4 12.Ne3 Bxf3 13.Qxf3 Nxd4 14.Qh3 Qe6 15.g4 Bb4
16.Nc2 Bxe1 17.Nxd4 Qxg4+ 18.Qxg4 Nxg4 19.Be3 Ba5 20.Nb3 Bb6 21.Bxb6 axb6
22.a3 g6 23.Bb5 Ne5 24.Rd1 Rfd8 25.Nd4 Nc4 26.b3 Nxa3 27.Bd3 Kg7 28.f4 Kf6
29.f5 g5 30.Kf2 Rdc8  0-1

[Event "1st WMSG Rapid Ind"]
[Site "Beijing CHN"]
[Date "2008.10.07"]
[Round "9"]
[White "Ni Hua"]
[Black "Bartel,Mat"]
[Result "1/2-1/2"]
[WhiteElo "2710"]
[BlackElo "2602"]

1.e4 e6 2.d4 d5 3.Nd2 Be7 4.e5 c5 5.c3 Nc6 6.Ndf3 Qa5 7.dxc5 Qc7 8.Be3 f6
9.exf6 Nxf6 10.Nd4 e5 11.Nb5 Qd8 12.Be2 O-O 13.Nf3 a6 14.Nd6 Bxd6 15.cxd6 Qxd6
16.h3 Be6 17.O-O Rad8 18.Qc2 d4 19.cxd4 exd4 20.Rfd1 Nb4 21.Qc1 Rc8 22.Qd2 Nc2
23.Rac1 Nxe3 24.fxe3 Rxc1 25.Rxc1 Qg3 26.Bc4 Bxc4 27.Rxc4 dxe3 28.Qxe3 Re8
29.Qb3 Kh8 30.Qc2 Qd6 31.Rd4 Qe7 32.Qd2 h6 33.b4 Qe6 34.a4 Qb3 35.a5 Qb1+
36.Kh2 Kh7 37.Rh4 Qf5 38.Rf4 Qe6 39.Qd3+ Kg8 40.Rd4 Qc6 41.Qg6 Qc7+ 42.Qg3 Qe7
43.Rc4 Ne4 44.Qf4 Nd6 45.Rd4 Nf7 46.Rd5 Qe6 47.Rc5 Qg6 48.Nh4 Qd6 49.Qxd6 Nxd6
50.Rd5 Re6 51.Nf3 Kf7 52.Nd4 Rf6 53.Nb3 Ke6 54.Rd4 Ke5 55.h4 Rf2 56.Rg4 Kf6
57.Nc5 Rb2 58.Kh3 g5 59.hxg5+ hxg5 60.Ne4+ Nxe4 61.Rxe4 Kf5  1/2-1/2

[Event "Chigorin Memorial"]
[Site "St Petersburg RUS"]
[Date "2008.10.07"]
[Round "5"]
[White "Sarkisov,V"]
[Black "Efremova,D"]
[Result "0-1"]
[WhiteElo "1964"]
[BlackElo "1933"]

1.e4 e6 2.d4 d5 3.Nd2 Be7 4.c3 Nf6 5.e5 Nfd7 6.Bd3 c5 7.Ne2 b6 8.f4 Ba6 9.Nf3 Bxd3
10.Qxd3 Qc7 11.O-O Nc6 12.Kh1 c4 13.Qc2 O-O-O 14.b3 Na5 15.Nd2 f6 16.bxc4 Nxc4
17.Qa4 Kb7 18.Nxc4 Qxc4 19.Qxc4 dxc4 20.exf6 gxf6 21.Ng3 b5 22.Re1 Nf8 23.Nf5 Bb4
24.cxb4 exf5 25.Bb2 Ng6 26.g3 Rhe8 27.Kg2 Ne7 28.a3 Nd5 29.Kf2 h5 30.Rxe8 Rxe8
31.Re1 Re4 32.Rxe4 fxe4 33.f5 a5 34.bxa5 Ka6 35.h3 Kxa5 36.g4 hxg4 37.hxg4 Ka4
38.Bc1 c3 39.Ke2 Kb3 40.g5 fxg5 41.Bxg5 c2 42.Bc1 Kc3 43.f6 Nxf6 44.Ke3 Kb3
45.Kf4 Ka2 46.Kf5 Kb1 47.Bd2 c1=Q 48.Bxc1 Kxc1 49.d5 Nxd5 50.Kxe4 Nc3+ 51.Kd4 Kb2
52.Kd3 Kxa3 53.Kxc3 b4+ 54.Kc2 Ka2  0-1

[Event "1st WMSG Blitz Pair"]
[Site "Beijing CHN"]
[Date "2008.10.08"]
[Round "2"]
[White "Ni Hua"]
[Black "Gurevich,M1"]
[Result "1/2-1/2"]
[WhiteElo "2710"]
[BlackElo "2634"]

1.e4 e6 2.d4 d5 3.Nd2 a6 4.Bd3 c5 5.exd5 exd5 6.dxc5 Bxc5 7.Ngf3 Qe7+ 8.Qe2 Qxe2+
9.Kxe2 Bg4 10.h3 Bh5 11.Nb3 Bd6 12.Nd4 Ne7 13.Re1 O-O 14.Kf1 Nbc6 15.c3 Rfe8
16.Bd2 Bg6 17.Bxg6 hxg6 18.g4 Nxd4 19.Nxd4 Nc6 20.Be3  1/2-1/2

[Event "FSGM October"]
[Site "Budapest HUN"]
[Date "2008.10.08"]
[Round "5"]
[White "Szalanczy,E"]
[Black "Farago,I"]
[Result "1/2-1/2"]
[WhiteElo "2343"]
[BlackElo "2489"]

1.e4 e6 2.d4 d5 3.Nd2 Be7 4.Ngf3 Nf6 5.Bd3 c5 6.c3 cxd4 7.cxd4 dxe4 8.Nxe4 Nc6
9.O-O O-O 10.Be3 Bd7 11.a3 Nd5 12.Rc1 Rc8 13.Bb1 Qb6 14.Qd3 g6 15.Nc5 Nb8
16.Rfe1 Nxe3 17.Qxe3 Bxc5 18.dxc5 Qxb2 19.Be4 b6 20.Rb1 Qf6 21.cxb6 axb6
22.Qxb6 Bc6 23.h3 Bxe4 24.Rxe4 Nd7 25.Qd6 Nc5 26.Rc4 Rfd8 27.Qe5 Qe7 28.Qe3 Na6
29.Rxc8 Rxc8 30.Ne5 h5 31.Rd1 Nc5 32.g4 hxg4 33.hxg4 Qb7 34.g5 Qe4 35.Rc1 Qxe3
36.fxe3 Rc7 37.a4 Kg7 38.a5 Na6 39.Rxc7 Nxc7 40.Nd7 e5 41.Kf1 e4  1/2-1/2

[Event "South Bohemia Open"]
[Site "Cesky Krumlov CZE"]
[Date "2008.10.12"]
[Round "2"]
[White "Pahorecky,J1"]
[Black "Krouzel,J"]
[Result "1/2-1/2"]
[WhiteElo "1993"]
[BlackElo "2192"]

1.e4 e6 2.d4 d5 3.Nd2 Nc6 4.Ngf3 Nf6 5.e5 Nd7 6.Nb3 Be7 7.Bb5 Ncb8 8.O-O a5
9.a4 b6 10.Bd3 Ba6 11.Bxa6 Nxa6 12.Qe2 O-O 13.c4 Nb4 14.Bd2 Nb8 15.Rac1 N8a6
16.Bxb4 Bxb4 17.Nbd2 Qd7 18.b3 h6 19.Rfd1 c6  1/2-1/2

[Event "1st WMSG Blitz Team"]
[Site "Beijing CHN"]
[Date "2008.10.13"]
[Round "1"]
[White "Wang Hao"]
[Black "Goh Weiming"]
[Result "1-0"]
[WhiteElo "2696"]
[BlackElo "2420"]

1.e4 e6 2.d4 d5 3.Nd2 Nc6 4.Ngf3 Nf6 5.e5 Nd7 6.Nb3 a5 7.a4 Be7 8.Bb5 Na7
9.Bd3 b6 10.Bd2 c5 11.dxc5 Nxc5 12.Nxc5 bxc5 13.b3 O-O 14.Qe2 Nc6 15.h4 h6
16.g4 c4 17.bxc4 dxc4 18.Be4 Bb7 19.Rb1 Qc7 20.Qxc4 Rfc8 21.Qe2 Rab8 22.O-O Nb4
23.Bxb7 Rxb7 24.c3 Nd5 25.Rxb7 Qxb7 26.Qe4 Qa6 27.Rb1 Rc4 28.Rb8+ Bf8 29.Nd4 Rc8
30.Rxc8 Qxc8 31.Nb5 Ne7 32.Kg2 Ng6 33.h5 Ne7 34.Be3 Nd5 35.Bd2 Qc5 36.Qd4 Qc6
37.Qe4 Qc5 38.Kg3 Be7 39.Qd4 Qc6 40.Qe4 Qc5 41.Be3 Qc8 42.c4 Nb4 43.Nd6 Qd8
44.c5 Qd7 45.Qa8+ Kh7 46.Qxa5 Nd5 47.Qb5 Qd8 48.Nxf7 Qf8 49.Nd6 Bg5 50.Qd3+ Kh8
51.Bxg5 hxg5 52.Qf3 Nf4 53.c6 Qe7 54.Kh2 Qc7 55.Kg1 Qb6 56.Nb5 Qc5 57.c7 Nd5
58.Qf7 Qc1+ 59.Kh2 Nf4 60.Qf8+  1-0

[Event "1st WMSG Blitz Team"]
[Site "Beijing CHN"]
[Date "2008.10.13"]
[Round "3"]
[White "Nguyen Van Huy"]
[Black "Erdos,V"]
[Result "0-1"]
[WhiteElo "2422"]
[BlackElo "2577"]

1.e4 e6 2.d4 d5 3.Nd2 Be7 4.Ngf3 Nf6 5.Bd3 c5 6.dxc5 dxe4 7.Nxe4 Nxe4 8.Bxe4 Qxd1+
9.Kxd1 Bxc5 10.Ke2 Nd7 11.b3 Nf6 12.Bd3 b6 13.Bb2 Bb7 14.Rad1 Ke7 15.a3 Rac8
16.Rhe1 Ng4 17.Rf1 Bxf3+ 18.gxf3 Nf6 19.Rg1 g6 20.h3 Nd5 21.Bxh8 Rxh8 22.Kf1 Nf4
23.h4 Rd8 24.Rg4 e5 25.a4 f5 26.Rg1 Kf6 27.Be2 Rc8 28.Rd7 Be7 29.Bc4 a6 30.Ke1 b5
31.axb5 axb5 32.Bxb5 Rxc2 33.Kd1 Rb2 34.Re1 Rb1+ 35.Kd2 Bb4+ 36.Kc2 Rxe1
37.Bc4 e4 38.Rb7 Bc5 39.fxe4 fxe4 40.Rxh7 Bxf2 41.b4 Ke5 42.b5 Rh1 43.Rd7 Rh2
44.Kb3 Rh3+ 45.Ka4 Bc5 46.Bb3 Nd3 47.Rd5+ Kf4 48.Rd7 Rxh4 49.Bc4 Nb2+ 50.Ka5 Nxc4+
51.Ka6 Rh1 52.Rc7 Ra1+ 53.Kb7 Nd6+ 54.Kc6 Bd4 55.Kd5 Rd1 56.Rc6 Be5+ 57.Ke6 Nxb5
58.Rc8 Nd4+ 59.Kd5 Nf3+ 60.Ke6 Rd6+ 61.Ke7 Rf6  0-1

[Event "1st WMSG Blitz Team"]
[Site "Beijing CHN"]
[Date "2008.10.13"]
[Round "4"]
[White "Cooper,L"]
[Black "Hussein,HA"]
[Result "1/2-1/2"]
[WhiteElo "2313"]
[BlackElo "2354"]

1.e4 e6 2.d4 d5 3.Nd2 a6 4.Ngf3 c5 5.exd5 exd5 6.Be2 Nf6 7.O-O Nc6 8.dxc5 Bxc5
9.Nb3 Ba7 10.c3 O-O 11.Bg5 Re8 12.Nbd4 Qd6 13.Bh4 Ne4 14.Bg3 Nxg3 15.hxg3 Bd7
16.Qd2 h6 17.Rfe1 Ne5 18.Nxe5 Rxe5 19.Bf3 Rae8 20.Rxe5 Qxe5 21.Qf4 Bxd4 22.Qxd4 Qxd4
23.cxd4 Bc6 24.Rc1 Kf8 25.Rc5 Re1+ 26.Kh2 Rb1 27.b3 Rb2 28.Rxd5 Rxa2 29.Rd7 b5  1/2-1/2

[Event "1st WMSG Blitz Team w"]
[Site "Beijing CHN"]
[Date "2008.10.13"]
[Round "8"]
[White "Van Nies,P"]
[Black "Rudolf,An"]
[Result "0-1"]
[WhiteElo "2165"]
[BlackElo "2318"]

1.e4 e6 2.d4 d5 3.Nd2 Be7 4.c3 c5 5.dxc5 Bxc5 6.Nb3 Bb6 7.exd5 exd5 8.Bb5+ Nc6
9.Ne2 Ne7 10.O-O O-O 11.Ned4 Qd6 12.Be3 Bc7 13.f4 Bb6 14.Qf3 Bd7 15.Bd3 Rfe8
16.Rae1 Rad8 17.Kh1 g6 18.Nxc6 bxc6 19.Bd4 Bxd4 20.cxd4 Bf5 21.Nc5 Bxd3 22.Qxd3 Nf5
23.Re5 f6 24.Ree1 Rxe1 25.Rxe1 Qxf4 26.Ne6 Re8 27.Rf1 Qd6 28.Nc5 Re3 29.Qa6 Qc7
30.g3  0-1

[Event "1st WMSG Blitz Team"]
[Site "Beijing CHN"]
[Date "2008.10.13"]
[Round "8"]
[White "Cooper,L"]
[Black "Neubauer,M"]
[Result "0-1"]
[WhiteElo "2313"]
[BlackElo "2422"]

1.e4 e6 2.d4 d5 3.Nd2 a6 4.Ngf3 c5 5.exd5 exd5 6.dxc5 Bxc5 7.Nb3 Bb6 8.Be2 Nf6
9.O-O O-O 10.Bg5 h6 11.Bh4 g5 12.Bg3 Ne4 13.Bxb8 Rxb8 14.c3 Be6 15.Nfd4 Qf6
16.Bf3 Rbd8 17.Qd3 Nd6 18.Rfe1 Nc4 19.Qc2 Ne5 20.Be2 Ng6 21.g3 Ne5 22.Rad1 Rfe8
23.Rf1 Bh3 24.Rfe1 Bg4 25.Bxg4 Nxg4 26.h3 Ne5 27.Kg2 Nc6 28.Qf5 Kg7 29.Qxf6+ Kxf6
30.Kf3 Rc8 31.Re3 Rxe3+ 32.Kxe3 Ne5 33.Kd2 Re8 34.Kc2 Nc4 35.Rh1 h5 36.Rb1 a5
37.Nd2 Bxd4 38.Nxc4 Bxf2 39.Rf1 dxc4 40.Rxf2+ Kg6 41.Rd2 Re3 42.Rd6+ f6 43.Rb6 Rxg3
44.Rxb7 Rxh3 45.b4 cxb3+ 46.axb3 g4 47.Rd7 g3 48.Rd1 Rh2+  0-1

[Event "XV PRO AM Open"]
[Site "Villa Martelli ARG"]
[Date "2008.10.13"]
[Round "4"]
[White "Juarez,CE"]
[Black "De Dovitiis,A"]
[Result "0-1"]
[WhiteElo "2142"]
[BlackElo "2347"]

1.e4 e6 2.d4 d5 3.Nd2 Nc6 4.Ngf3 Nf6 5.e5 Nd7 6.c3 f6 7.exf6 Qxf6 8.Bb5 Bd6
9.Nb3 O-O 10.Bg5 Qf7 11.Be3 e5 12.dxe5 Ncxe5 13.Nxe5 Nxe5 14.Be2 Nc4 15.Bxc4 dxc4
16.Nd4 Qg6 17.Qa4 Qxg2 18.Qxc4+ Kh8 19.O-O-O Qe4 20.Qd3 Qxd3 21.Rxd3 Bd7
22.h4 Rae8 23.Rg1 Re4 24.Rh1 h6 25.Nb3 Bc6 26.Rh3 Rg4 27.f4 Re8 28.Nd2 Bg2
29.Rh2 Rxe3 30.Rxe3 Bxf4 31.Rhh3 Bxh3 32.Rxh3 Rg2 33.Rd3 Kg8 34.Kd1 Rxd2+
35.Rxd2 Bxd2 36.Kxd2 Kf7 37.Ke3 Kg6 38.Kf4 Kh5 39.Kg3 g5 40.hxg5 Kxg5 41.b3 Kf5
42.Kh4 Ke4 43.Kh5 Kd3  0-1

[Event "1st WMSG Rapid Team"]
[Site "Beijing CHN"]
[Date "2008.10.14"]
[Round "2"]
[White "Kryvoruchko,Y"]
[Black "Hussein,HA"]
[Result "1/2-1/2"]
[WhiteElo "2627"]
[BlackElo "2354"]

1.e4 e6 2.d4 d5 3.Nd2 a6 4.Ngf3 c5 5.exd5 exd5 6.Be2 Nc6 7.O-O Nf6 8.c3 cxd4
9.cxd4 Bd6 10.Re1 O-O 11.Nf1 Re8 12.Bg5 h6 13.Bh4 Bf4 14.Bd3 Rxe1 15.Qxe1 Be6
16.Ne3 g5 17.Bg3 Bxg3 18.hxg3 Qb6 19.Qd2 Qb4 20.Qxb4 Nxb4 21.Ne5 Nxd3 22.Nxd3 Ne4
23.Rc1 a5 24.Rc7 Rb8 25.Nc5 Nxc5 26.Rxc5 b6 27.Rc6 Kf8 28.f4 gxf4 29.gxf4 Kg7
30.f5 Bc8 31.Kf2 Ba6 32.g4 Bd3 33.Kf3 Be4+ 34.Kf4 Re8 35.Nd1 b5 36.Rc5 Bg2
37.Kg3 Bf1 38.Rxd5 Bc4 39.Rc5 a4 40.Nc3 a3 41.b3 Re3+ 42.Kf4 Rxc3 43.bxc4 bxc4
44.Ra5 Rd3 45.Ke4 Rg3 46.Kf4 Rh3 47.Rc5 Rh2 48.Rxc4 Rxa2 49.Ra4 Ra1 50.Kg3 a2
51.Kg2 Kf6 52.d5 Kg5 53.d6 Rd1 54.Rxa2 Kxg4 55.Ra7 f6 56.Rh7 Rd2+ 57.Kf1 h5
58.d7 h4 59.Kg1 h3 60.Kh1 Rd3 61.Kh2 Kxf5 62.Rxh3 Rxd7 63.Kg2 Rd2+ 64.Kf1 Kf4
65.Ra3 f5 66.Rb3 Ra2 67.Rc3 Kg4 68.Rb3 f4 69.Rc3 Rh2 70.Ra3 Rh7 71.Rb3 f3
72.Rb8 Re7 73.Rg8+ Kf4 74.Rf8+ Ke3 75.Rf6 Re5 76.Rf8  1/2-1/2